Frenchmans Creek (Record no. 1209996)

MARC details
000 -LEADER
fixed length control field 00457nam a2200193Ia 4500
008 - FIXED-LENGTH DATA ELEMENTS--GENERAL INFORMATION
fixed length control field 151121s9999||||xx |||||||||||||| ||und||
082 ## - DEWEY DECIMAL CLASSIFICATION NUMBER
Classification number 823/MAU
082 ## - DEWEY DECIMAL CLASSIFICATION NUMBER
Item number HNW-494
100 ## - MAIN ENTRY--PERSONAL NAME
Personal name Maurier D। D।
245 ## - TITLE STATEMENT
Title Frenchmans Creek
260 ## - PUBLICATION, DISTRIBUTION, ETC. (IMPRINT)
Name of publisher, distributor, etc The Blakiston Co।
260 ## - PUBLICATION, DISTRIBUTION, ETC. (IMPRINT)
Date of publication, distribution, etc --
300 ## - PHYSICAL DESCRIPTION
Extent 304
600 ## - SUBJECT ADDED ENTRY--PERSONAL NAME
Personal name Maurier D। D।
630 ## - SUBJECT ADDED ENTRY--UNIFORM TITLE
Uniform title Frenchmans Creek
700 ## - ADDED ENTRY--PERSONAL NAME
Personal name Maurier D। D।
730 ## - ADDED ENTRY--UNIFORM TITLE
Uniform title Frenchmans Creek
942 ## - ADDED ENTRY ELEMENTS (KOHA)
Koha item type Book
Holdings
Withdrawn status Lost status Damaged status Not for loan Home library Current library Date acquired Cost, normal purchase price Total Checkouts Full call number Barcode Date last seen Cost, replacement price Price effective from Koha item type
        Hirachand Nemchand Wachanalaya, Solapur Hirachand Nemchand Wachanalaya, Solapur 11/21/2015 308.00   HNW-494 HNW-494 11/21/2015 308.00 11/21/2015 Book